| 000 | 00685nam a22001817a 4500 | ||
|---|---|---|---|
| 008 | 100322t xxu||||| |||| 00| 0 eng d | ||
| 020 | _a9788131805640 | ||
| 082 |
_222 _a005.453 _bKAK |
||
| 100 |
_aKakde, O.G. _912975 |
||
| 245 |
_aCompiler design / _cO.G. Kakde. |
||
| 260 |
_aNew Delhi : _bUniversity science press, _cc.2009. |
||
| 300 |
_a395p: _bill; _c25 cm. |
||
| 500 | _aIncludes Index. | ||
| 650 |
_aCompilers. _912976 |
||
| 650 |
_aComputer Programs. _912977 |
||
| 942 |
_2ddc _cBB |
||
| 999 |
_c13748 _d13748 |
||